Statistiques concernant Questions sur la saga Mario et Luigi #2

Cliquez ici pour prendre le quiz!

Statistiques générales

  • Ce quiz a été pris 32 fois
  • Le résultat moyen est 9 sur 15

Statistiques - réponses

QuestionRéponse% Correct
Que Wiggler demande-t-il à Bowser pour lui donner un Bill Bourrin, dans Voyage au centre de Bowser ?Manger la giga-carotte
93%
Dans Voyage au centre de Bowser, que mange Bowser pour récupérer des PV ?Du poulet
79%
Dans Dream Team Bros, combien y a-t-il de combats de titans en tout ?5
76%
Dans Voyage au centre de Bowser, lors d'un combat de titan, que faut-il faire pour que Bowser crache du feu ?Souffler dans le micro de la console
76%
Dans Superstar saga, comment s'appelle le voleur que l'on affronte à plusieurs reprises ?Pargne
66%
Dans Les frères du temps, au début du jeu, qu'est-ce qui sort de la machine à voyager dans le temps après son retour dans le présent ?Un jeune Xhampoïde
66%
Dans Paper Jam Bros, il existe un boss secret...qui est-ce ?Bowser Skelet
62%
Dans Paper Jam Bros, quel est le premier boss Titancarton ?Un Goomba
62%
Dans Voyage au centre de Bowser, quelle est la dernière attaque furie à débloquer ?Furie Blocdogue
55%
Dans Les frères du temps, combien d'ennemis différents peut-on affronter dans le ventre de Yoob, sans compter le Boss ?3
52%
Dans Les frères du temps, combien de frères Marto doit-on affronter en entrant dans la Centrale ?2
45%
Dans Dream Team Bros, comment s'appellent les taupes vivant dans les Bois Somnam ?Les namnams
41%
Où atterrit le Tortue-Jet après avoir reçu un puissant missile, dans Les frères du temps ?Au château de bébé Bowser
38%
Et enfin, dans Superstar saga, quel boss se trouve au Canton Héhé ?Crustassov III
34%
Dans Dream Team Bros, comment se nomme l'arme de défense du temple des Bois Somnam ?Dictador
21%

Distribution des résultats

Percentile par nombre de réponses

% des personnes avec chaque résultat

Votre développement - résultats

Vous n’avez pas pris ce quiz